000 00587nam a2200205Ia 4500
001 7245
003 GE_BSU
008 181216s||||||||xx |||||||||||||| ||und||
040 _cGE_BSU
080 _a628.517
245 _aБорьба сшумом в городах.
245 _cБелоусов,В.Н. Прутков,Б.Г. Щицкова,А.П. и др.
250 _aфр. изд.
260 _aМосква
260 _bСтройиздат.
260 _c1987
300 _a248стр.с илл.21см.
653 _aБорьба сшумом в городах.
942 _cBK
999 _c40618
_d40618